Dried fruits (Record no. 31785)
[ view plain ]
| 000 -LEADER | |
|---|---|
| fixed length control field | 01529nam a2200361 a 4500 |
| 082 04 - DEWEY DECIMAL CLASSIFICATION NUMBER | |
| Classification number | 615.3/21 |
| 245 00 - TITLE STATEMENT | |
| Title | Dried fruits |
| 260 ## - PUBLICATION, DISTRIBUTION, ETC. (IMPRINT) | |
| Place of publication | Ames, Iowa : |
| Name of publisher | Wiley-Blackwell, |
| Year of publication | 2013. |
| 300 ## - PHYSICAL DESCRIPTION | |
| Number of Pages | xviii, 488 p. : |
| Other physical details | ill. |
| 505 0# - FORMATTED CONTENTS NOTE | |
| Formatted contents note | pt. 1. Dried berries -- pt. 2. Nontropical dried fruits -- pt. 3. Tropical dried fruits. |
| 650 #0 - SUBJECT ADDED ENTRY--TOPICAL TERM | |
| Topical Term | Dried fruit |
| Topical Term | Phytochemicals |
| 700 1# - ADDED ENTRY--PERSONAL NAME | |
| Personal name | Alasalvar, Cesarettin. |
| Personal name | Shahidi, Fereidoon, |
| 856 40 - ELECTRONIC LOCATION AND ACCESS | |
| Uniform Resource Identifier | http://site.ebrary.com/lib/rucke/Doc?id=10641829 |
No items available.
